| Tag |
First Indicator |
Second Indicator |
Subfields |
| LEADER |
00000cam a22000008a 4500 |
| 001 |
in00000382012 |
| 005 |
20151011124730.0 |
| 008 |
851008s1985 wb a b 10010 eng |
| 010 |
|
|
|a 85026122
|
| 020 |
|
|
|a 0387159967 (U.S.) :
|c DM47.00 (Germany, West)
|
| 035 |
|
|
|a (OCoLC)12749690
|
| 035 |
|
|
|9 ABS6516AM
|
| 039 |
0 |
|
|a 2
|b 3
|c 3
|d 3
|e 3
|
| 040 |
|
|
|a DLC
|c DLC
|d TXA
|d UtOrBLW
|
| 049 |
|
|
|a TXAM
|c [A09210942]
|
| 050 |
0 |
0 |
|a T57.74
|b .I55 1984
|
| 082 |
0 |
|
|a 519.7/2
|2 19
|
| 111 |
2 |
|
|a International Symposium on Infinite Dimensional Linear Programming
|d (1984 :
|c Churchill College)
|
| 245 |
1 |
0 |
|a Infinite programming :
|b proceedings of an International Symposium on Infinite Dimensional Linear Programming,Churchill College, Cambridge, United Kingdom, September 7-10, 1984 /
|c edited by E.J. Anderson and A.B. Philpott.
|
| 264 |
|
1 |
|a Berlin ;
|a New York :
|b Springer-Verlag,
|c [1985]
|
| 264 |
|
4 |
|c ©1985
|
| 300 |
|
|
|a xiv, 244 pages :
|b illustrations
|
| 336 |
|
|
|a text
|b txt
|2 rdacontent
|
| 337 |
|
|
|a unmediated
|b n
|2 rdamedia
|
| 338 |
|
|
|a volume
|b nc
|2 rdacarrier
|
| 490 |
1 |
|
|a Lecture notes in economics and mathematical systems ;
|v 259
|
| 504 |
|
|
|a Includes bibliographical references.
|
| 650 |
|
0 |
|a Linear programming.
|
| 700 |
1 |
|
|a Anderson, E. J.
|q (Edward J.),
|d 1954-
|
| 700 |
1 |
|
|a Philpott, A. B.
|q (Andrew B.),
|d 1956-
|
| 830 |
|
0 |
|a Lecture notes in economics and mathematical systems ;
|v 259.
|
| 999 |
|
|
|a MARS
|
| 999 |
f |
f |
|s 6ba92615-b5cf-38e1-9332-f65b798ecd0a
|i 1f5e5a61-d8fa-3c62-be25-deebdbff3ed4
|t 0
|
| 952 |
f |
f |
|p ric
|a Texas A&M University
|b Rellis Campus
|c Joint Library Facility
|d Remote Storage
|t 0
|e T57.74 .I55 1984
|h Library of Congress classification
|i unmediated -- volume
|m A14809210942
|
| 998 |
f |
f |
|a T57.74 .I55 1984
|t 0
|l Remote Storage
|